000 00506nam a2200181Ia 4500
003 OSt
005 20210104103712.0
008 190216s9999||||xx |||||||||||||| ||und||
020 _a9788171308361
040 _coclc
082 _a894.8121
_bSAT/A
100 _aSatchidanandan, K
_96203
245 0 _aApoornam /
_cK Satchidanandan
260 _bD C Books,
_c1988.
_aKottayam:
300 _a106p
650 _aMalayalam Kavitha
942 _cBK
_2ddc
_h894.8121
_iSAT/A
_k894.8121
_mSAT/A
999 _c27964
_d27964